| LEADER |
00992njm0a2200313 450 |
| 001 |
16818587 |
| 010 |
|
|
|d 19,8
|
| 100 |
|
|
|a 20081212d2008 u u0frey01 ba
|
| 101 |
0 |
|
|a fre
|
| 200 |
0 |
|
|a Berceuses du monde entier
|f Colette Magny, Talila, Marina Vlady, Brenda Wootton, Naomi Moody, Toto Bissainthe
|
| 207 |
|
1 |
|a
|
| 210 |
|
|
|c Le Chant du monde
|d 2008
|
| 215 |
|
|
|a 1 cd ; 49 mn
|
| 606 |
0 |
|
|a Berceuses
|
| 608 |
|
|
|a Berceuses françaises
|
| 608 |
|
|
|a Berceuses yiddisch
|
| 608 |
|
|
|a Berceuses celtes des îles britanniques
|
| 608 |
|
|
|a Berceuses africaines
|
| 608 |
|
|
|a Berceuses créoles (Haïti)
|
| 676 |
|
|
|a 8.1
|
| 701 |
|
0 |
|a Magny
|b Colette
|4 590
|
| 701 |
|
0 |
|a Talila
|4 590
|
| 701 |
|
0 |
|a Vlady
|b Marina
|4 590
|
| 701 |
|
0 |
|a Wootton
|b Brenda
|4 590
|
| 701 |
|
0 |
|a Moody
|b Naomi
|4 590
|
| 701 |
|
0 |
|a Bissainthe
|b Toto
|4 590
|
| 900 |
|
|
|a Chanson francophone
|
| 901 |
|
|
|a Jeunesse
|
| 995 |
|
|
|a Médiathèque
|c Médiathèque
|f 089010142
|h 089010142
|k E 8.10 BER 2
|o p
|q j
|r je
|e Médiathèque
|